000 01073nam a2200289Ia 4500
003 OSt
005 20221005110601.0
006 a|||||r|||| 00| 0
007 ta
008 221004b |||||||| |||| 00| 0 hin d
020 _a9789326351577 (hbk)
_cINR 200.00
024 _a37919
037 _bBW/1686, 15/03/2018, Bookwell
_cTextual
040 _aCRL
_cCRL
_bhin
041 _2hin
_ahin
082 _aO157,3N09,DS, 152Q3
100 _aआशापूर्णा देवी, ले.
245 0 _aदृश्य से दृश्यान्तर
246 _aDṛushya se dṛushyāntara
250 _aसंस्करण 5
260 _aनई दिल्ली
_bभारतीय ज्ञानपीठ भारत
_c2013
300 _a271पृ0
_ccm.
650 _a बंगाली साहित्य
650 _aबंगाली कविता
942 _hO157,3N09,DS, 152Q3
_cTEXL
_2cc
999 _c1019283
_d1019283